000 00830nam a2200313 a 4500
001 UByD002453
003 AR-LpoUNG
005 20240228150305.0
008 240228s1999||||sp |||||||||||||||||spa d
020 _a8449405076
040 _aAR-LpoUNG
_bspa
_cAR-LpoUNG
_eaacr
041 _aspa
_aeng
044 _asp
082 0 _aR428 15v2
245 1 0 _aDiccionario inglés-español
250 _a1ra. ed.
260 _aBarcelona :
_bOcéano,
_c1999.
300 _a464 p. :
_bgráfs., fot.
505 _aIncluye apéndice de gramática inglesa.
650 4 _aDICCIONARIOS
650 4 _aLENGUA ESPAÑOLA
650 4 _aLENGUA INGLESA
650 4 _aMATERIAL DE REFERENCIA
650 4 _aTERMINOLOGIA
653 _aDICCIONARIOS BILINGÜES
653 _aDICCIONARIOS DE INGLES
905 _a55725
942 _cLSALA
_2ddc
999 _c64968
_d64968